Headaches.-- 2nd ed. (Record no. 31650)

MARC details
000 -LEADER
fixed length control field 00747nam a2200217 a 4500
008 - FIXED-LENGTH DATA ELEMENTS--GENERAL INFORMATION
fixed length control field 120228s2002 ||||||||||||||||| || u
020 ## - INTERNATIONAL STANDARD BOOK NUMBER
International Standard Book Number 1903734215
050 ## - LIBRARY OF CONGRESS CALL NUMBER
Classification number RB 128 Pea
100 ## - MAIN ENTRY--PERSONAL NAME
Personal name Dodick, David M
245 10 - TITLE STATEMENT
Title Headaches.-- 2nd ed.
Statement of responsibility, etc. Richard Peatfield, David W. Dodick
250 ## - EDITION STATEMENT
Edition statement 2nd ed.
260 ## - PUBLICATION, DISTRIBUTION, ETC.
Place of publication, distribution, etc. Oxford
Name of publisher, distributor, etc. Health
Date of publication, distribution, etc. 2002
300 ## - PHYSICAL DESCRIPTION
Extent 103p.: ill.
350 ## -
-- 0.00
490 ## -
-- Fast facts: indispensable guides to clinical practice
500 ## - GENERAL NOTE
General note Bibliography
650 ## - SUBJECT ADDED ENTRY--TOPICAL TERM
Topical term or geographic name entry element MIGRAINE
650 ## - SUBJECT ADDED ENTRY--TOPICAL TERM
Topical term or geographic name entry element HEADACHE
700 ## - ADDED ENTRY--PERSONAL NAME
Personal name Peatfield, Richard
995 ## -
-- MEDICAL LIBRARY OPEN ACCESS
-- 901756
-- CBU-SCHOOL OF MEDICINE LIBRARY (Ndola)
-- 0.00
-- RB 128 Pea
-- 1
-- AVAILABLE
-- Jul 13, 2012
-- 901756
-- Medical Library Open Access Collection
999 ## -
-- 31650
-- 31650
Holdings
Withdrawn status Lost status Source of classification or shelving scheme Damaged status Not for loan Permanent Location Current Location Shelving location Date acquired Total Checkouts Full call number Barcode Date last seen Price effective from Koha item type
          CBU-SCHOOL OF MEDICINE LIBRARY, NDOLA. CBU-SCHOOL OF MEDICINE LIBRARY, NDOLA.   11/30/2022   RB 128 Pea 901756 11/30/2022 11/30/2022 MONOGRAPH